000 00568nam a22001817a 4500
003 UA-OsUOA
001 8524
007 ta
008 20040827b un ||||| |||| 00| 0 ukr d
100 _aГургула І.
942 _cSA
040 _aUA-OsUOA
_cUA-OsUOA
_dUA-OsUOA
245 _aАнатоль Перепадя : " Перекладач - професія стариків " : [ Розмова ]
300 _aС.6
955 _a0
773 0 _w0
_tЛітературна Украіна
_dКиїв
_d2004
_g№33
650 7 _aЛітературознавство
_2UDC
999 _c294685
_d294685